=LDR 00000nam 2200000 4500 =001 INLIS000000000013583 =005 20130612104944 =008 ***********************************Ind** =035 ##$$0010-061300000013583 =041 ##$$a Ind =082 ##$$a 2x4. 301 =090 ##$$a 2x4. 301, Haf k =100 ##$$a Hafizh, Ramadlan =245 ##$$a Kail membahagiakan suami, Ramadlan Hafizah =260 ##$$a 2004 $b Rambang =300 ##$$a 192 hlm, Ilus, 20 cm =650 ##$$a Nikah - Filsafat =850 ##$$a NBPNMAT